000
00219 a2200097 4500
001
14978
100
_a
Ghazi-Omer Farooq
245
_a
Al-Mohadisat-ul-Arabiat
260
_a
Rawalpindi
_b
Feroz s
_c
090
_c
11737
_d
11737
942
_a
NUST-CAE
_c
M
_c
1933
999
_c
250051
_d
250051